Espía del Vaticano / P. Pietro Leoni, S. J.

محفوظ في:
التفاصيل البيبلوغرافية
المؤلف الرئيسي: Leoni, Pietro (autor)
التنسيق: كتاب
الموضوعات:
الوسوم: إضافة وسم
لا توجد وسوم, كن أول من يضع وسما على هذه التسجيلة!

MARC

LEADER 00000nam^a2200000^u^4500
001 000550797
005 20250521000000.0
008 060220s1000^^^^^^^^^^^^r^^^^^000^0^spa^d
009 20260310131541.685
035 |a FMI 000020577 
037 |a Acervo Xavier Clavigero 
096 |a 3.6.3/52/C 
100 |a Leoni, Pietro  |e (autor) 
245 1 0 |a Espía del Vaticano / P. Pietro Leoni, S. J. 
264 |a Barcelona : Vergara, 1962 
300 |a 350 p. 
336 |a texto  |b txt  |2 rdacontenido 
337 |a sin mediación  |b n  |2 rdamedio 
338 |a volumen  |b nc  |2 rdasoporte 
649 |a XX 
650 |a 1.Leoni, Pietro 
910 |a Fondo Francisco Migoya Covarrubias S.J. 
920 |a Impresos - Libros 
930 |a Fondos Especiales 
905 |a 134 
901 |a SBC20601  |b IT2  |c ESP  |u 20250521 
902 |a https://opac.biblio.iteso.mx/vufind/Record/000550797